书目信息 |
| 题名: |
旅游产品的营销与推销
|
|
| 作者: | 柏克 , 雷斯尼克 著 ;叶敏 译 | |
| 分册: | ||
| 出版信息: | 北京 电子工业出版社 2004 |
|
| 页数: | 238页 | |
| 开本: | 20cm | |
| 丛书名: | 旅游服务管理精选精译 | |
| 单 册: | ||
| 中图分类: | F762.7 , F590.63 | |
| 科图分类: | ||
| 主题词: | 旅游商品--市场营销学 , 旅游经济 | |
| 电子资源: | ||
| ISBN: | 7-5053-9318-9 | |
| 000 | 01177oam2 2200313 450 | |
| 001 | 07079000326 | |
| 005 | 20070721101058.75 | |
| 010 | @a7-5053-9318-9@dCNY26.00 | |
| 100 | @a20060606d2004 ekmy0chiy0110 ea | |
| 101 | 0 | @achi@ceng |
| 102 | @aCN@b110000 | |
| 105 | @aa z 000yy | |
| 200 | 1 | @a旅游产品的营销与推销@Alu^ you chan pin de ying xiao yu tui xiao@dMarketing & Selling the Travel Product@f(美) 詹姆斯·伯克(James Burke), (美) 巴里·雷斯尼克(Barry Resnick)著@g叶敏等译@zeng |
| 205 | @a2版 | |
| 210 | @a北京@c电子工业出版社@d2004 | |
| 215 | @a238页@c图@d20cm | |
| 225 | 2 | @a旅游服务管理精选精译 |
| 330 | @a本书从旅游产品和旅游市场的独特点切入,阐述了现代旅游产品营销的框架。书中每章讲解之后配有专门的练习题与自测题。 | |
| 461 | 0 | @12001 @a旅游服务管理精选精译 |
| 510 | 1 | @aMarketing & Selling the Travel Product(2nd Edition)@zeng |
| 606 | 0 | @a旅游商品@x市场营销学 |
| 606 | 0 | @a旅游经济 |
| 690 | @aF762.7@v4 | |
| 690 | @aF590.63@v3 | |
| 701 | 1 | @a柏克@Abai ke@c(Burke, James)@4著 |
| 701 | 1 | @a雷斯尼克@Alei si ni ke@c(Resnick, Barry)@4著 |
| 702 | 0 | @a叶敏@Aye min@4译 |
| 801 | 0 | @aCN@bTAOJIN@c20070721 |
| 905 | @a10447@dF590.63@e168=2 | |
| 旅游产品的营销与推销=Marketing & Selling the Travel Product/(美) 詹姆斯·伯克(James Burke), (美) 巴里·雷斯尼克(Barry Resnick)著/叶敏等译.-2版.-北京:电子工业出版社,2004 |
| 238页:图;20cm.-(旅游服务管理精选精译 ) |
| ISBN 7-5053-9318-9:CNY26.00 |
| 本书从旅游产品和旅游市场的独特点切入,阐述了现代旅游产品营销的框架。书中每章讲解之后配有专门的练习题与自测题。 |
| ● |
| 相关链接 |
|
|
|
|
正题名:旅游产品的营销与推销
索取号:F590.63/168=2
 
预约/预借
| 序号 | 登录号 | 条形码 | 馆藏地/架位号 | 状态 | 备注 |
| 1 | 0822681 | 208226819 | 第一样本阅览室/ [索取号:F590.63/168=2] | 在馆 | |
| 2 | 0822682 | 208226828 | 第一借阅区/ [索取号:F590.63/168=2] | 在馆 | |
| 3 | 0822683 | 208226837 | 第一借阅区/ [索取号:F590.63/168=2] | 在馆 | |
| 4 | 0822684 | 208226846 | 第一借阅区/ [索取号:F590.63/168=2] | 在馆 | |
| 5 | 0822685 | 208226855 | 第一借阅区/ [索取号:F590.63/168=2] | 在馆 |